000 00261nam a22001097a 4500
082 _a823
_bPOT/M
100 _aPOTTER, BEATRIX
245 _aMY LITTLE BOOK ABOUT SQUIRREL NULKIN
260 _bNEW SEASONS PUBLICATIONS
_c1991
650 _aENGLISH STORY
942 _cBK
999 _c7579
_d7579